Finančná výkonnosť v kontexte inflácie

Hodnotenie finančnej výkonnosti podnikov. Charakteristika účtovných systémov. Analýza finančnej výkonnosti. Prírastok zisku. Prevádzková návratnosť investícií. Celková návratnosť investícií. Pomer hmotných aktív. Udržateľné tempo rastu.

Salvato in:
Dettagli Bibliografici
Autore principale: Hvastová, Jozefína, 1969-
Natura: Capitolo di libro
Lingua:slovacco
Soggetti:
Tags: Aggiungi Tag
Nessun Tag, puoi essere il primo ad aggiungerne!!

MARC

LEADER 00000nla$a2200000$$$4500
001 0069668
005 20241031114954.3
041 0 |a slo 
044 |a SK 
245 1 0 |a Finančná výkonnosť v kontexte inflácie  |c Jozefína Hvastová 
520 |a Hodnotenie finančnej výkonnosti podnikov. Charakteristika účtovných systémov. Analýza finančnej výkonnosti. Prírastok zisku. Prevádzková návratnosť investícií. Celková návratnosť investícií. Pomer hmotných aktív. Udržateľné tempo rastu. 
610 2 0 |a výkonnosť 
610 2 0 |a výkonnosť finančná 
610 2 0 |a financie podnikové 
610 2 0 |a inflácia 
610 2 0 |a systémy účtovné 
610 2 0 |a ukazovatele finančné 
610 2 0 |a zisk 
610 2 0 |a návratnosť investícií 
100 1 |a Hvastová, Jozefína, 1969-